Statistics for Formula 1 teams 2012

Click here to take the quiz!

General Stats

  • This quiz has been taken 252 times
  • The average score is 11 of 12

Answer Stats

Team name % Correct
Red Bull Racing
100%
Scuderia Ferrari
99%
Vodafone McLaren Mercedes
95%
Mercedes AMG Petronas F1 Team
94%
Lotus F1 Team
94%
Sahara Force India F1 Team
93%
Sauber F1 Team
92%
Williams F1 Team
88%
Scuderia Toro Rosso
87%
Caterham F1 Team
81%
Marussia F1 Team
81%
HRT F1 Team
71%

Score Distribution

Percentile by Number Answered

Percent of People with Each Score

Your Score History

You have not taken this quiz